000 00609cam a2200217 i 4500
001 2690702
005 20180309072349.0
008 770707s1976 nyua b 001 0 eng
010 _a 75039437
020 _a0824764129
040 _aDLC
_cDLC
_dDLC
041 _aeng
080 _a620.1064 DAR
082 0 0 _a620.1064 DAR
100 1 _a27
101 _aMEK
245 1 0 _aViscoelastic fluids :
_cRonald Darby.
504 _aIncludes bibliographical references and index.
906 _a7
_bcbc
_corignew
_d2
_eocip
_f19
_gy-gencatlg
942 _2ddc
_cBK
999 _c44576
_d44576